50 Sportspersons/Athletes born in Ohio - Statistics

General Stats
  • This quiz has been taken 8 times
  • The average score is 15 of 50
Answer Stats
Picture Hint Answer % Correct
Columbus Simone Biles
100%
Akron Steph Curry
100%
Akron Lebron James
88%
Westlake/Cleveland Heights Travis Kelce
88%
Lima Ben Roethlisberger
63%
Columbus Macho Man Randy Savage
63%
Akron Mike Vrabel
63%
Cincinnati Russell Wilson
63%
Columbus Jack Nicklaus
50%
Toledo/Ashtabula Urban Meyer
50%
Troy Cris Carter
38%
Grand River Don Shula
38%
Rocky River George Steinbrenner
38%
Martins Ferry John Havlicek
38%
Stow Larry Csonka
38%
Dayton Mike Schmidt
38%
Centerville Nick Mangold
38%
Norwalk Paul Brown
38%
Cincinnati Pete Rose
38%
Cincinnati Roger Staubach
38%
Canton Alan Page
25%
Columbus Alexa Bliss
25%
Cleveland Bob Golic
25%
Mantua Jack Lambert
25%
Toledo Jim Harbaugh
25%
Painesville Jim Tressel
25%
Alliance Len Dawson
25%
Cincinnati Luke Kuechly
25%
Dayton Roger Clemens
25%
Steubenville Rollie Fingers
25%
Youngstown Bernie Kosar
13%
Barberton Bo Schembechler
13%
Canton Chris Spielman
13%
Dayton Cris Collingsworth
13%
Gilmore Cy Young
13%
Maumee Dick Kazmaier
13%
Akron James Harrison
13%
Martins Ferry Lou Groza
13%
Fremont Mark Coleman
13%
Parma Mike "The Miz" Mizanin
13%
Sandusky Orlando Pace
13%
Toledo Scott Hamilton
13%
Portsmouth Branch Rickey
0%
London Dick LeBeau
0%
Middletown Kyle Schwarber
0%
Fostoria Micah Hyde
0%
Rocky River Red Gerard
0%
Kettering Rob Dyrdeck
0%
Fremont Rob Lytle
0%
Clifton Woody Hayes
0%
No matching quizzes found
Score Distribution
Percent of People with Each Score
Percentile by Number Answered
Your Score History
You have not taken this quiz